000 01186nas a22003017a 4500
001 85830
005 20260421114425.0
008 260421s1931 sp w|||| |||| 00| 0 spa d
040 _aM-RABA
_bspa
_cM-RABA
080 _aPM 784.3.085.321(05)
080 _aPM 786.2.085(05)
245 0 3 _aLa Revista sonora
260 _a[Barcelona
_b: s.n.
_c, 1931]
300 _av.
_c32 cm
310 _aSemanal
362 0 _6nº 1 [(1931)]-
500 0 0 _aDirigida por: Compradito (pseudónimo de Diego Jiménez de Letang)
500 0 0 _aDescripción basada en: n. 2 [1931]
510 3 _aJacinto Torres Mulas. Las publicaciones periódicas musicales en España (1812-1990): estudio crítico-bibliográfico y repertorio general. Instituto de Bibliografía Musical (Madrid), 1991
580 _aTítulos relacionados: El Tango de moda ; La Canción de moda
594 _aTítulo tomado de la cubierta
650 0 _aMúsica-
_zEspaña-
_vPublicaciones periódicas
_996865
655 7 _aPublicaciones periódicas.
_954133
700 1 _aJiménez de Letang, D.
_942667
_edirector de la publicación
852 _aM-RABA
_jrEV-2384
866 _a[1931], n. 2, 3, 11
942 _cPERIODICAS
_n0
999 _c85830
_d85830